[Event "Nord West Cup"]
[Site "Oldenburg"]
[Date "2000.02.11"]
[Round "2"]
[White "Leiber, Bernhard"]
[Black "Herrmann, Lutz"]
[Result "1-0"]
[WhiteElo "2212"]
[BlackElo "1765"]
[PlyCount "55"]
[EventDate "2000.??.??"]
[EventType "swiss"]
[EventRounds "7"]
[EventCountry "GER"]
[SourceTitle "EXT 2002"]
[Source "ChessBase"]
[SourceDate "2001.11.25"]
[SourceVersion "1"]
[SourceVersionDate "2001.11.25"]
[SourceQuality "1"]

1. d4 Nf6 2. Nf3 g6 3. c4 Bg7 4. Nc3 d5 5. cxd5 Nxd5 6. Bd2 0-0 7. e4 Nxc3 8. Bxc3 c6 9. Be2 Bg4 10. 0-0 e6 11. h3 Bxf3 12. Bxf3 Nd7 13. Qc2 Nf6 14. Rfd1 Rc8 15. Rd3 Rc7 16. Rad1 Rd7 17. b4 Qb6 18. Qb2 Ne8 19. d5 Bxc3 20. Qxc3 cxd5 21. exd5 Rc7 22. Qb3 exd5 23. Rxd5 Ng7 24. Rd6 Qb5 25. a4 Qc4 26. Qxc4 Rxc4 27. R6d4 Rfc8 28. Rxc4 1-0